Jazyk SI Vvedenije dlja programmistov

Uložené v:
Podrobná bibliografia
Hlavný autor: Berry, R.
Ďalší autori: Meekings, B.A.E
Médium: Kniha
Jazyk:Russian
Vydavateľské údaje: Moskva Finansy i statistika 1988
Vydanie:1. izd.
Edícia:Matematičeskoje obespečenije EVM
Tagy: Pridať tag
Žiadne tagy, Buďte prvý, kto otaguje tento záznam!

MARC

LEADER 00000nam a2200000 4500
001 c025260
005 20250505123927.9
041 0 |a rus 
044 |a RU 
245 1 0 |a Jazyk SI  |b Vvedenije dlja programmistov  |c R. Berry, B.A.E. Meekings ; [Z angl. prel.] D.B. Podšivalova 
250 |a 1. izd. 
264 1 |a Moskva  |b Finansy i statistika  |c 1988 
300 |a 189 s. 
490 1 |a Matematičeskoje obespečenije EVM 
830 0 |a Matematičeskoje obespečenije EVM 
100 1 |a Berry, R. 
700 1 |a Meekings, B.A.E.